| 000 | 00570pam a2200217 a 4500 | ||
|---|---|---|---|
| 001 | 1443745 | ||
| 005 | 20180103040327.0 | ||
| 008 | 851107s1986 enka b 001 0 eng | ||
| 010 | _a 85028574 | ||
| 020 | _a0631144277 | ||
| 040 |
_aDLC _cDLC _dDLC |
||
| 041 | _aeng | ||
| 080 | _a338.900724 SIM | ||
| 082 | 0 | 0 |
_a338.900724 SIM _219 |
| 100 | 1 | _a52 | |
| 101 | _aEKO | ||
| 245 | 1 | 0 |
_aTheory of population and economic growth / _cJulian L. Simon. |
| 504 | _aBibliography: p. [216]-224. | ||
| 906 |
_a7 _bcbc _corignew _d1 _eocip _f19 _gy-gencatlg |
||
| 942 |
_2ddc _cBK |
||
| 999 |
_c39601 _d39601 |
||